000
00229nam a2200085Ia 4500
008
120527s9999 xx 000 0 und d
100
_a
Carbaugh, J. Robert
245
_a
Contemporary Economics; An Applications appproach
942
_c
BK
999
_c
27108
_d
27108